| 000 | 00551nmm a2200157Ia 4500 | ||
|---|---|---|---|
| 008 | 251105s9999||||xx |||||||||||||||||und|| | ||
| 020 | _a9781558859975 | ||
| 041 | _aspa | ||
| 100 | _aRuffino, Gustavo | ||
| 245 | 0 | _a¡Celebremos el Día de las Brujas y el Día de los Muertos! = Let's Celebrate Halloween and the Day of the Dead! | |
| 264 |
_a[Washington, Estados Unidos] : _bArte Público Press, _c2024 |
||
| 300 | _a33 páginas | ||
| 650 | _aTeen & Young Adult Fiction | ||
| 856 | _uhttps://public.digitaliapublishing.com/a/170020 | ||
| 942 | _cCF | ||
| 999 |
_c74980 _d74980 |
||